Censura y creación literaria en España (1939-1976) / (Registro nro. 19641)

Detalles MARC
000 -LEADER
campo de control de longitud fija 01230nam a2200289 i 4500
001 - NÚMERO DE CONTROL
campo de control 19641
003 - IDENTIFICADOR DE NÚMERO DE CONTROL
campo de control ES-MaACL
005 - FECHA Y HORA DE LA ÚLTIMA TRANSACCIÓN
campo de control 20230906152134.0
007 - CAMPO FIJO DE DESCRIPCIÓN FÍSICA--INFORMACIÓN GENERAL
campo de control de longitud fija t|
008 - DATOS DE LONGITUD FIJA--INFORMACIÓN GENERAL
campo de control de longitud fija 021007s1980 sp |||| | spa d
020 ## - NÚMERO INTERNACIONAL ESTÁNDAR DEL LIBRO
Número Internacional Estándar del Libro 84-297-1648-3
080 ## - NÚMERO DE LA CLASIFICACIÓN DECIMAL UNIVERSAL
Número de la Clasificación Decimal Universal 351.751.5(460)"1939/75"
100 1# - ENTRADA PRINCIPAL--NOMBRE DE PERSONA
Nombre de persona Abellán, Manuel L.
9 (RLIN) 18063
245 10 - MENCIÓN DEL TÍTULO
Título Censura y creación literaria en España (1939-1976) /
Mención de responsabilidad, etc. Manuel L. Abellán.
250 ## - MENCION DE EDICION
Mención de edición 1ª ed.
260 ## - PUBLICACIÓN, DISTRIBUCIÓN, ETC.
Lugar de publicación, distribución, etc. [Barcelona] :
Nombre del editor, distribuidor, etc. Península,
Fecha de publicación, distribución, etc. 1980.
300 ## - DESCRIPCIÓN FÍSICA
Extensión 313 p. ;
Dimensiones 20 cm.
490 1# - MENCIÓN DE SERIE
Mención de serie Temas de historia y política contemporánea ;
Designación de volumen o secuencia 9
500 ## - NOTA GENERAL
Nota general Índices.
505 8# - NOTA DE CONTENIDO CON FORMATO
Nota de contenido con formato Contiene: La censura franquista en sus orígenes ; Incidencia y criterios de la censura ; Censura y dictámenes censorios de 1939 hasta 1976 . Apéndice 1. Normas generales . Apéndice 2. Nómina de censores . Apéndice 3. Supresiones, modificaciones y defensa del manuscrito "Un mundo para todos" de Miguel Buñuel
600 14 - PUNTO DE ACCESO ADICIONAL DE MATERIA--NOMBRE DE PERSONA
Nombre de persona Buñuel, Miguel.
9 (RLIN) 32564
650 #4 - PUNTO DE ACCESO ADICIONAL DE MATERIA--TÉRMINO DE MATERIA
Término de materia o nombre geográfico como elemento de entrada Censura-
Subdivisión geográfica España-
Subdivisión cronológica 1939-1975.
9 (RLIN) 10879
651 #4 - PUNTO DE ACCESO ADICIONAL DE MATERIA--NOMBRE GEOGRÁFICO
Nombre geográfico España-
Subdivisión general Vida intelectual-
Subdivisión cronológica 1939-1975.
9 (RLIN) 8528
830 1# - PUNTO DE ACCESO ADICIONAL DE SERIE-TÍTULO UNIFORME
Título uniforme Temas de historia y política contemporánea ;
Designación de volumen o secuencia 9
9 (RLIN) 184463
852 4# - LOCALIZACIÓN
Ubicación ES-MaACL
Número de control de estantería L-4688
Existencias
Estatus retirado Estado de pérdida Estado de daño No para préstamo Biblioteca de origen Biblioteca actual Ubicación en estantería Fecha de adquisición Fuente de adquisición Total de préstamos Signatura topográfica completa Código de barras Visto por última vez Precio de reemplazo Tipo de ítem Koha
        Biblioteca del Ateneo de Madrid Biblioteca del Ateneo de Madrid Depósito 2 17/01/2008     L-4688 1020104 23/02/2023 23/02/2023 Libro impreso